00684nam a22001457a 4500008004100000050002100041100001900062245021000081260007900291300004200370650005000412700001800462700002300480700003500503170121b xxu||||| |||| 00| 0 eng d aN6512b.R45 1969 aRobbins,Daniel aThe George Waterman Collection :bMuseum of Art, Rhode Island School of Design, October 22-November 23, 1969 /cDaniel Robbins; John T Kirk; Susan Noyes Platt; Rhode Island School of Design. Museum of Art. aProvidence, R.I. : bMuseum of Art, Rhode Island School of Design, cc1969 a55 unnumbered pages. :bill. ;c22cm. a Art, Americanx Exhibitions.y20th century  aKirk, John T. aPlatt, Susan Noyes aRhodes Island School of Design